000
00297nam a22001217a 4500
020
_a
IS :10145
041
_a
ENG
245
_a
Specification For Bamboo Supports For Camouflaging Equipment
260
_a
New Delhi
_b
BIS
_c
1982
300
_a
07
650
_a
BIS Tist Code
856
_u
BIS Tist Code
999
_c
2159
_d
2159